Des célébrités portant les initiales M - Statistiques

Statistiques générales
  • Ce quiz a été pris 130 fois
  • Le résultat moyen est 13 sur 25
Statistiques - réponses
Code Indice Célébrité % Correct
MA Légende de la boxe américaine, champion du monde poids lourds Mohamed Ali
88%
MJ Roi de la pop, auteur de Thriller et Billie Jean Michael Jackson
83%
MC Chanteuse pop américaine, connue pour Wrecking Ball Miley Cyrus
75%
ML Chanteur et acteur français, auteur de Elle a les yeux revolver Marc Lavoine
73%
MG Leader spirituel et figure de l’indépendance de l’Inde Mahatma Gandhi
72%
MO Ancienne Première dame des États-Unis et avocate Michelle Obama
69%
MZ Fondateur et PDG de Meta (Facebook) Mark Zuckerberg
68%
MP Nageur américain, sportif le plus titré aux JO Michael Phelps
66%
MT Champion du monde de boxe poids lourds, connu pour sa puissance Mike Tyson
66%
MD Acteur américain, célèbre pour Jason Bourne et Seul sur Mars Matt Damon
64%
MS Pilote allemand, septuple champion du monde de Formule 1 Michael Schumacher
60%
MY Humoriste et acteur français Michaël Youn
60%
MR Compositeur français, auteur du Boléro Maurice Ravel
57%
MN Gardien de but allemand, champion du monde 2014 Manuel Neuer
53%
MB Actrice britannique révélée par Stranger Things Millie Bobby Brown
53%
MX Leader afro-américain et militant pour les droits civiques Malcolm X
52%
MM Icône du cinéma américain des années 50, star de Some Like It Hot Marilyn Monroe
52%
MV Pilote néerlandais, quadruple champion du monde de Formule 1 Max Verstappen
51%
MK Ancienne actrice de films pour adultes, devenue personnalité des réseaux sociaux Mia Khalifa
49%
MH Danseuse et espionne néerlandaise exécutée pendant la Première Guerre mondiale Mata Hari
34%
MI Footballeur argentin, qui a volé la femme de son meilleur ami Mauro Icardi
33%
MF Acteur américain oscarisé, connu pour Million Dollar Baby Morgan Freeman
30%
MW Acteur et producteur américain, star de Ted et The Departed Mark Wahlberg
19%
ME Peintre et sculpteur allemand, figure du mouvement dada Max Ernst
3%
MQ Actrice américano-vietnamienne, connue pour Designated Survivor Margaret Quigley
2%
Aucun quiz correspondant
Distribution des résultats
% des personnes avec chaque résultat
Percentile par nombre de réponses
Votre historique - résultats
Vous n’avez pas pris ce quiz